header

MCSA/MCSE (Record no. 94537)

MARC details
000 -LEADER
fixed length control field 01321nam a22003494a 4500
082 04 - DEWEY DECIMAL CLASSIFICATION NUMBER
Classification number 005.4/46
100 1# - MAIN ENTRY--AUTHOR NAME
Personal name Donald, Lisa.
245 10 - TITLE STATEMENT
Title MCSA/MCSE
250 ## - EDITION STATEMENT
Edition statement 2nd ed.
260 ## - PUBLICATION, DISTRIBUTION, ETC. (IMPRINT)
Place of publication San Francisco :
Name of publisher Sybex,
Year of publication c2003.
300 ## - PHYSICAL DESCRIPTION
Number of Pages liii, 728 p. :
Other physical details ill.
500 ## - GENERAL NOTE
General note Exam 70-270.
General note Includes index.
650 #0 - SUBJECT ADDED ENTRY--TOPICAL TERM
Topical Term Electronic data processing personnel
Topical Term Microsoft software
Topical Term Computer networks
700 1# - ADDED ENTRY--PERSONAL NAME
Personal name Chellis, James.
856 40 - ELECTRONIC LOCATION AND ACCESS
Uniform Resource Identifier http://site.ebrary.com/lib/rucke/Doc?id=10149964

No items available.

© 2026 Rongo University
Contact us: librarian | system librarian | Rongo university